Importancia de la coexistencia pacífica para el medio ambiente /
Breve reseña de la interacción del hombre y de la naturaleza, donde el hombre ha sido siempre constante en el uso de los recursos naturales los problemas ambientales son resultado de dicha relación y de la industrialización con fines militares, lo que viene a perjudicar el equilibrio ecológico de l...
Guardado en:
| Hovedforfatter: | |
|---|---|
| Andre forfattere: | |
| Format: | Texto |
| Fag: | |
| Tags: |
Tilføj Tag
Ingen Tags, Vær først til at tagge denne postø!
|
MARC
| LEADER | 00000 a a2200000 04500 | ||
|---|---|---|---|
| 001 | 11980 | ||
| 003 | |||
| 040 | |||
| 100 | |a Quintana, Marisela | ||
| 245 | |a Importancia de la coexistencia pacífica para el medio ambiente / |c Marisela Quintana ; María del Carmen Martínez | ||
| 520 | |a Breve reseña de la interacción del hombre y de la naturaleza, donde el hombre ha sido siempre constante en el uso de los recursos naturales |a los problemas ambientales son resultado de dicha relación y de la industrialización con fines militares, lo que viene a perjudicar el equilibrio ecológico de los pueblos. Así, se presentan cuatro etapas: 1.- el hombre depende de la naturaleza, 2.- la naturaleza proporciona recursos alimenticios, energéticos y materia prima para su subsistencia y desarrollo |a 3.- unificación de la población con grandes ciudades y el inicio de la revolución científica técnica con consumo de energía y sustancias diversas |a 4.- en la sociedad socialista se da otro enfoque a la relación naturaleza-sociedad |a hoy día se da valor a las leyes de la naturaleza buscando una solución para la coexistencia del medio ambiente. VJ/MR | ||
| 650 | |a MEDIO AMBIENTE | ||
| 650 | |a ARMAS NUCLEARES | ||
| 650 | |a CIENCIA Y TECNOLOGIA | ||
| 650 | |a EQUILIBRIO ECOLOGICO | ||
| 700 | |a Martínez, María del Carmen | ||
| 773 | |g número 11; páginas 47-49 | ||
| 999 | |c 27163 |d 27163 | ||
| 773 | 0 | |0 43322 |9 5054 |a Movimiento Cubano por la Paz y la Soberanía de los Pueblos |d La Habana: Movimiento Cubano por la Paz y Soberanía de los Pueblos |o MFN: 1692 |t Paz y Soberanía / | |
